Responses for Show #2830 - Friday, December 13, 1996

Contestants

[<< previous game]

Jere Souza, a homemaker from El Dorado Hills, California

Pat Gonzales, a retail manager from El Monte, California

Sandy Siegel, a writer from Playa Del Rey, California (whose 1-day cash winnings total $3,400)

[next game >>]

Jeopardy! Round responses

THE BIBLE
BARBARA WALTERS' 20 YEARS
EUROPEAN DINING
GENERAL SCIENCE
WORD ORIGINS
MONKEY BUSINESS
    $100 12
The Golden Calf

Pat
    $100 11
Barbra Streisand

Pat
    $100 21
Helsinki

Pat
    $100 3
Clouds

Pat
    $100 1
Kilt

Jere
    $100 26
"12 Monkeys"

Jere
    $200 13
The Temple

Jere
    $200 14
Bay of Pigs

Pat
    $200 22
Edinburgh

Pat
    $200 4
Appendix

Jere
    $200 2
Boulevard

Pat
    $200 27
India

Jere
    $300 15
Philistines

Pat
    $300 18
(A: And I know I didn't do the "Hoo-aah!" the way [*] did it in the film; I don't even dare try it anymore!)

Al Pacino

Jere
    $300 23
Paris

Pat
    $300 6
(Pat: What are birds?)
(Alex: ...No.)

Insects

Pat
Triple Stumper
    $300 5
Bat

Pat
    $300 28
Rhesus monkeys

Pat
    $400 16
"Man does not live by bread alone"

Jere
    $400 19
Anwar Sadat & Menachem Begin

Pat
    $400 24
Mata Hari

Jere
    $400 7
(P: What is Pluto?)
(J: What is Earth?)

Mars

PatJere
Triple Stumper
    $400 9
Chutney

Jere
    $400 29
Proboscis Monkey

Pat
    $500 17
Paul

Jere
    $500 20
Katharine Hepburn

Jere
    $500 25
Venice

Jere
    $500 8
Sloths

Pat
    $500 10
Loupe

Jere
    $500 30
Curious George

Pat

Scores at the first commercial break (after clue 14):

Sandy Pat Jere
$0 $800 $1,000

Scores at the end of the Jeopardy! Round:

Sandy Pat Jere
$0 $3,300 $3,900

Double Jeopardy! Round responses

THE CABINET
ISLANDS
AUTHORS
FILM DIRECTORS
HISTORY
4-LETTER QUOTES
    $200 30
Thomas Jefferson

Sandy
    $200 21
Hispaniola

Sandy
    $200 6
Mark Twain

Pat
    $200 1
Woody Allen

Jere
    $200 7
Francisco Franco

Jere
    $200 16
Life

Sandy
    $400 27
Elizabeth Dole

Sandy
    $400 22
(J: What is Tahiti?)

Pitcairn Island

PatJere
    $400 8
Arthur Conan Doyle

Sandy
    $400 2
Steven Spielberg

Jere
    $400 10
1086

Pat
    $400 17
Rose

Sandy
    $600 26
Secretary of the Treasury

Triple Stumper
    $600 23
Bikini

Sandy
    $600 9
William Faulkner

Pat
    $600 3
Oliver Stone

Jere
    $600 11
Boers

Jere
    $600 18
Moon

Jere
    $800 28
(P: What is the Bureau of Land Management?)

Department of the Interior

SandyPat
    $1,000 24
(S: What is Sri Lanka?)
(we have less than a minute to go in the round, Sandy...)

Madagascar

Sandy
    $800 14
Willa Cather

Triple Stumper
    $1,000 4
Bob Fosse

Jere
    $800 12
Mogadishu

Jere
    $800 19
(P: What is England?)
(J: What is king?)

Good

PatJere
Triple Stumper
    $1000 29
William Howard Taft

Triple Stumper
    $1000 25
(P: What is Sicily?)
(J: What is Corsica?)
(S: What is Sardinia?)

Capri

SandyPatJere
Triple Stumper
    $1000 15
Somerset Maugham

Sandy
    $1000 5
(A: Well done!)

Robert Altman

Jere
    $1000 13
Charles Gordon ("Gordon of Khartoum")

Triple Stumper
    $1000 20
Ship

Pat

Scores at the end of the Double Jeopardy! Round:

Sandy Pat Jere
$2,200 $3,300 $7,100
(lock game)

[wagering suggestions for these scores]

Final Jeopardy! Round responses

FAMOUS AMERICANS
SandyWho is Juilliard?
$1,000
PatWho is Stephen Foster?
$3,299
JereWho is Juilliard?
$0
George Eastman (The Eastman School of Music)

Final scores:

Sandy Pat Jere
$1,200 $1 $7,100
2nd place: Trip to Honolulu, Hawaii 3rd place: Hobie Catamarand New champion: $7,100

Game dynamics:

Coryat scores:

Sandy Pat Jere
$3,200 $3,300 $6,900
9 R,
2 W
(including 1 DD)
20 R,
5 W
22 R
(including 2 DDs),
4 W

Combined Coryat: $13,400

[game clues] [game scores] [suggest correction]

Game tape date: 1996-10-16
The J! Archive is created by fans, for fans. Scraping, republication, monetization, and malicious use prohibited; this site may use cookies and collect identifying information. See terms. The Jeopardy! game show and all elements thereof, including but not limited to copyright and trademark thereto, are the property of Jeopardy Productions, Inc. and are protected under law. This website is not affiliated with, sponsored by, or operated by Jeopardy Productions, Inc. Join the discussion at JBoard.tv.